书目信息 |
| 题名: |
科学成就健康
|
|
| 作者: | 方舟子 著 | |
| 分册: | ||
| 出版信息: | 北京 新华出版社 2007.01 |
|
| 页数: | 268页 | |
| 开本: | 23cm | |
| 丛书名: | 赛先生科学与生活系列丛书 | |
| 单 册: | ||
| 中图分类: | R161 | |
| 科图分类: | ||
| 主题词: | 保健--bao jian--基本知识 | |
| 电子资源: | ||
| ISBN: | 978-7-5011-7777-6 | |
| 000 | 00886nam 2200253 450 | |
| 001 | 012008564797 | |
| 005 | 20091130082029.06 | |
| 010 | @a978-7-5011-7777-6@dCNY25.00 | |
| 100 | @a20080601d2007 em y0chiy0120 ea | |
| 101 | 0 | @achi |
| 102 | @aCN@b110000 | |
| 105 | @aac z 000yy | |
| 106 | @ar | |
| 200 | 1 | @a科学成就健康@Ake xue cheng jiu jian kang@f方舟子著@Ffang zhou zi zhu |
| 210 | @a北京@c新华出版社@d2007.01 | |
| 215 | @a268页@c图, 肖像@d23cm | |
| 225 | 2 | @a赛先生科学与生活系列丛书@Asai xian sheng ke xue yu sheng huo xi lie cong shu |
| 330 | @a本书的主要内容包括:第一章科学地看待保健、第二章正确认识营养素、第三章常见保健品真相、第四章认识现代医学等。 | |
| 410 | 0 | @12001 @a赛先生科学与生活系列丛书 |
| 606 | 0 | @a保健@Abao jian@x基本知识 |
| 690 | @aR161@v4 | |
| 701 | 0 | @a方舟子@Afang zhou zi@4著 |
| 801 | 0 | @aCN@bQSSK@c20091130 |
| 905 | @b720931-33@dR161@eF270@f3 | |
| 科学成就健康/方舟子著.-北京:新华出版社,2007.01 |
| 268页:图, 肖像;23cm.-(赛先生科学与生活系列丛书) |
| ISBN 978-7-5011-7777-6:CNY25.00 |
| 本书的主要内容包括:第一章科学地看待保健、第二章正确认识营养素、第三章常见保健品真相、第四章认识现代医学等。 |
| ● |
| 相关链接 |
|
|
|
正题名:科学成就健康
索取号:R161/F270
 
预约/预借
| 序号 | 登录号 | 条形码 | 馆藏地/架位号 | 状态 | 备注 |
| 1 | 469564 | 204695641 | 自科库401/401自科库 3排2列3层/ [索取号:R161/F270] | 在馆 | |
| 2 | 720931 | 207209313 | 自科库401/401自科库 3排2列4层/ [索取号:R161/F270] | 在馆 | |
| 3 | 720932 | 207209322 | 自科库401/401自科库 3排2列4层/ [索取号:R161/F270] | 在馆 | |
| 4 | 720933 | 207209331 | 自科库401/401自科库 3排2列4层/ [索取号:R161/F270] | 在馆 |